Vybrané otázky financovania malých a stredných podnikov v nových členských krajinách EÚ

Náčrt zdrojov financovania malých a stredných podnikov, ich prístup k finančným nástrojom a najčastejším prekážkam ich využívania na Slovensku . Komparatívna analýza s vybranými krajinami stredenej a východnej Európy.

Salvato in:
Dettagli Bibliografici
Autore principale: Vargová, Viktória
Natura: Capitolo di libro
Lingua:slovacco
Soggetti:
Tags: Aggiungi Tag
Nessun Tag, puoi essere il primo ad aggiungerne!!

MARC

LEADER 00000naa$a2200000$$$4500
001 0072421
005 20231116102630.6
041 0 |a slo 
044 |a SK 
245 1 0 |a Vybrané otázky financovania malých a stredných podnikov v nových členských krajinách EÚ  |c Viktória Vargová 
520 |a Náčrt zdrojov financovania malých a stredných podnikov, ich prístup k finančným nástrojom a najčastejším prekážkam ich využívania na Slovensku . Komparatívna analýza s vybranými krajinami stredenej a východnej Európy. 
610 2 0 |a financovanie podnikov 
610 2 0 |a analýza komparatívna 
610 2 0 |a Slovensko 
610 2 0 |a SVE 
610 2 0 |a podnik malý 
610 2 0 |a podnik stredný 
610 2 0 |a zdroje finančné 
610 2 0 |a nástroje finančné 
100 1 |a Vargová, Viktória